01519nam a2200253 a 4500001001000000005001700010008004100027041000800068044000700076084002100083100004500104245008500149260003700234300005500271500052700326500003900853500012700892500000901019650005201028650005601080650003401136650004501170740005001215BRCA_245820190320203823.0191108s1827----fr-a---###---#000-0#spa-u aspa afr a098b.D536c18271 aCervantes Saavedra, Miguel ded1547-161610aEl Ingenioso Hidalgo Don Quijote de la Manchacpor Miguel de Cervantes Saavedra. aParísbJulio Didot Mayorc1827 a1 v. (en varias paginaciones)bil.c12 cm.e1 mapa aContenido : Anteportada con el título de la obra debajo del escudo del editor. Retrato de Cervantes. Dedicatoria del editor. Versos del viaje del Parnaso. Adevertencia del editor. Principios de la edición príncipe. Dedicatoria del autor al Duque de Béjar. Prólogo del autor. Versos preliminares. Texto de la primera parte. Dedicatoria del autor al Conde de Lemos. Prólogo del autor. Texto de la segunda parte. Notas de la edición de la Academia y observaciones. Carta geográfica de los viajes de D. Quijote aEdición : Edición en miniatura aCopia del LO-097, pero en papel inferior. Encuadernada en piel negra, lomo con florones y filetes dorados Lúdovik Osterc aQM7914aNovela españolayÉpoca clásica, 1500-170014aLiteratura españolayÉpoca clásica, 1500-170014aNovela españolaySiglo XVII14aDon Quijote (Personaje ficticio)eNovela0 aEl Ingenioso Hidalgo Don Quijote de la Mancha